Album - Stick Season (We'll All Be Here Forever) by Noah Kahan - Statistics

General Stats
  • This quiz has been taken 14 times
  • The average score is 12 of 21
Answer Stats
Songs % Correct
2 Stick Season
100%
16 Dial Drunk
80%
9 Strawberry Wine
80%
20 You're Gonna Go Far
80%
3 All My Love
70%
7 Everywhere, Everything
70%
1 Northern Attitude
70%
19 Call Your Mom
60%
5 Come Over
60%
12 Homesick
60%
8 Orange Juice
60%
14 The View Between Villages
60%
21(extended version) The View Between Villages
60%
11 Halloween
50%
17 Paul Revere
50%
4 She Calls Me Back
50%
13 Still
50%
10 Growing Sideways
40%
6 New Perspective
30%
18 No Complaints
30%
15 Your Needs, Me Needs
0%
No matching quizzes found
Score Distribution
Percent of People with Each Score
Percentile by Number Answered
Your Score History
You have not taken this quiz